| 000 | 00743nam a22001937a 4500 | ||
|---|---|---|---|
| 003 | DO-SdBNP | ||
| 005 | 20211019142308.0 | ||
| 008 | 201125b 1998 ch a 00| 0 eng d | ||
| 040 |
_aDO-SdBNP _bspa _cBNPHU |
||
| 082 | 4 | _222 | |
| 245 | 1 | 0 |
_aPrimer estudio internacional comparativo sobre lenguaje, matemática y factores asociados en tercero y cuarto grado / _cLaboratorio Latinoamericano de Evaluación de la Calidad de la Educación ; prólogo Federico Mayor. |
| 246 | 1 | 0 | _aPrimer estudio internacional comparativo. |
| 260 |
_aSantiago, Chile : _bUNESCO, _c1998. |
||
| 300 |
_a87 p. : _bil. ; _c22 cm. |
||
| 590 | _aInventariado, 2020 /LP | ||
| 700 | 1 |
_aMayor, Federico, _epról. _935869 |
|
| 910 | _aLopérez | ||
| 942 |
_2ddc _cLBS1 |
||
| 999 |
_c49202 _d49202 |
||